Bericht over het eerste halfjaar 2003

Na minha lista:
Detalhes bibliográficos
Formato: Livro
Idioma:sueco
inglês
Publicado em: Amsterdam KAS Bank N.V. 2003
Assuntos:
Tags: Adicionar Tag
Sem tags, seja o primeiro a adicionar uma tag!

MARC

LEADER 00000nam$a2200000$$$4500
001 0021802
005 20240108123851.0
041 0 |a swe 
041 0 |a eng 
044 |a SE 
245 1 0 |a Bericht over het eerste halfjaar 2003 
264 1 |a Amsterdam  |b KAS Bank N.V.  |c 2003 
300 |a 12 s. 
610 2 0 |a banky 
610 2 0 |a bankovníctvo 
610 2 0 |a príjmy 
610 2 0 |a výdavky 
610 2 0 |a bilancie 
610 2 0 |a aktíva 
610 2 0 |a pasíva 
610 2 0 |a účty finančné 
610 2 0 |a zisk 
610 2 0 |a strata 
610 2 0 |a Švédsko